00262nam a22000977a 4500003000400000082001400004100003800018245004600056260005500102300000700157SGT a080bK06V aश्री पल्लवी  aकाँटों की ज़बाँ bक्रोक्च प्रकाशन c2006 a93